Presidents of Portugal - Statistics

General Stats
  • This quiz has been taken 416 times
    244 since last reset
  • The average score is 9 of 20
Answer Stats
Hint Answer % Correct
2016- Marcelo Rebelo de Sousa
96%
2006-2016 Aníbal Cavaco Silva
93%
1986-1996 Mário Soares
83%
1996-2006 Jorge Sampaio
74%
1976-1986 António Ramalho Eanes
66%
1974 António de Spínola
60%
1911-1915 Manuel de Arriaga
54%
1915 Teófilo Braga
50%
1958-1974 Américo Tomás
46%
1926-1951 Óscar Carmona
45%
1918 Sidónio Pais
38%
1974-1976 Francisco da Costa Gomes
36%
1925-1926 Bernardino Machado
30%
1915-1917 Bernardino Machado
30%
1926 Gomes da Costa
28%
1951-1958 Francisco Craveiro Lopes
25%
1926 José Mendes Cabeçadas
16%
1919-1923 António José de Almeida
15%
1918-1919 João do Canto e Castro
14%
1923-1925 Manuel Teixeira Gomes
12%
No matching quizzes found
Score Distribution
Percent of People with Each Score
Percentile by Number Answered
Your Score History
You have not taken this quiz since the last reset